[Event "TCh-CHN Division A 2014"]
[Site "Jinan CHN"]
[Date "2014.06.04"]
[Round "6.2"]
[White "Liu, Chang"]
[Black "Li, Di"]
[Result "1/2-1/2"]
[BlackTitle "FM"]
[WhiteElo "2368"]
[BlackElo "2209"]
[WhiteTeam "Guangdong"]
[BlackTeam "Chengdu"]
[WhiteFideId "8606340"]
[BlackFideId "8607508"]
[EventDate "2014.04.12"]

1. c4 Nf6 2. Nc3 d5 3. cxd5 Nxd5 4. g3 Nxc3 5. bxc3 g6 6. Bg2 Bg7 7. h4 h6 8.
Nf3 O-O 9. O-O c5 10. d4 Qa5 11. Qb3 Qa6 12. Ne5 Nc6 13. Qa3 Qxa3 14. Bxa3 Nxe5
15. dxe5 Bxe5 16. Bxc5 Bxc3 17. Rab1 Bf6 18. Bxb7 Rb8 19. Bf3 Be6 20. Bxa7 Rxb1
21. Rxb1 Bxa2 22. Rb8 Rxb8 23. Bxb8 h5 24. Kg2 Kg7 25. Ba7 Bc4 26. Bc5 Bb3 27.
Bb4 Bc2 28. Ba3 Ba4 29. Bb4 Bb5 30. Ba3 Ba6 1/2-1/2

[Event "TCh-CHN Division A 2014"]
[Site "Jinan CHN"]
[Date "2014.06.04"]
[Round "6.2"]
[White "Zeng, Chongsheng"]
[Black "Liu, Guanchu"]
[Result "1/2-1/2"]
[WhiteTitle "GM"]
[BlackTitle "IM"]
[WhiteElo "2540"]
[BlackElo "2409"]
[WhiteTeam "Guangdong"]
[BlackTeam "Chengdu"]
[WhiteFideId "8603847"]
[BlackFideId "8603901"]
[EventDate "2014.04.12"]

1. b3 f5 2. Bb2 Nf6 3. e3 e6 4. g3 a5 5. c4 a4 6. bxa4 Na6 7. Nc3 Bb4 8. d4 c5
9. Bg2 cxd4 10. exd4 d5 11. cxd5 Nxd5 12. Ne2 Nac7 13. O-O Bxc3 14. Nxc3 O-O 15.
Qb3 Bd7 16. Nb5 Bc6 17. Rfe1 Qd7 18. Rac1 Rfe8 19. Nxc7 Qxc7 20. Rxe6 Rxe6 21.
Bxd5 Bxd5 22. Qxd5 Qf7 23. Rc5 f4 24. gxf4 Re1+ 25. Kg2 Qxd5+ 26. Rxd5 Rxa4 27.
a3 Rb1 28. Rd8+ Kf7 29. Rd7+ Ke6 30. Rxb7 1/2-1/2

[Event "TCh-CHN Division A 2014"]
[Site "Jinan CHN"]
[Date "2014.06.04"]
[Round "6.2"]
[White "Ren, Xiaoyi"]
[Black "Munguntuul, Batkhuyag"]
[Result "0-1"]
[BlackTitle "IM"]
[WhiteElo "2130"]
[BlackElo "2438"]
[WhiteTeam "Chengdu"]
[BlackTeam "Guangdong"]
[WhiteFideId "8608709"]
[BlackFideId "4900758"]
[EventDate "2014.04.12"]

1. d4 d5 2. c4 e6 3. Nc3 Be7 4. Nf3 h6 5. Bf4 Nf6 6. e3 O-O 7. Rc1 Nbd7 8. Bd3
dxc4 9. Bxc4 a6 10. Ne5 Nb6 11. Bd3 Nbd5 12. Bg3 c5 13. O-O cxd4 14. exd4 Qe8
15. Nxd5 Nxd5 16. Be4 Bg5 17. Rc5 Be7 18. Rc1 Qb5 19. Qf3 b6 20. Nc6 Bg5 21. Bd3
Qa4 22. Rc4 Qxa2 23. Bd6 Re8 24. b3 Bb7 25. Rc2 Qxc2 26. Bxc2 Bxc6 27. h4 Bf6
28. Qd3 g6 29. h5 Bb5 30. Qg3 Bxd4 31. hxg6 f5 32. Be5 f4 33. Qh3 Bxe5 34. Qxh6
Bg7 35. Qh7+ Kf8 36. Re1 Rac8 37. Bb1 Rc3 38. Qh4 Rxb3 39. Ba2 Rb4 40. Rxe6 Rxe6
41. Qd8+ Be8 42. Qxd5 Rxg6 43. Qf5+ Bf6 44. Qc8 a5 45. Be6 Rb1+ 46. Kh2 Rh6+ 47.
Bh3 a4 48. Qb8 Rh4 49. Qd6+ Be7 50. Qe6 Rb5 51. g3 fxg3+ 52. Kxg3 Rg5+ 53. Kf3
a3 54. Bf1 Bf7 55. Qc8+ Kg7 56. Qc3+ Kg8 57. Qe3 Bh5# 0-1

[Event "TCh-CHN Division A 2014"]
[Site "Jinan CHN"]
[Date "2014.06.04"]
[Round "6.2"]
[White "Li, Yunshan"]
[Black "Liu, Manli CHN"]
[Result "1/2-1/2"]
[WhiteTitle "WFM"]
[WhiteElo "1951"]
[BlackElo "1988"]
[WhiteTeam "Chengdu"]
[BlackTeam "Guangdong"]
[WhiteFideId "8607664"]
[BlackFideId "8608121"]
[EventDate "2014.04.12"]

1. d4 Nf6 2. c4 e6 3. g3 d5 4. Nf3 Be7 5. Bg2 O-O 6. O-O dxc4 7. Qa4 a6 8. Qxc4
b5 9. Qc2 Bb7 10. Bd2 Be4 11. Qc1 Bb7 12. Bf4 Bd6 13. Nbd2 Nbd7 14. Nb3 Bd5 15.
Qc2 Qe7 16. Rfc1 Be4 17. Qd2 Rfc8 18. a3 Nd5 19. Ne5 Bxg2 20. Nc6 Qf6 21. Bxd6
cxd6 22. Kxg2 N7b6 23. Nba5 Qg6 24. f3 f5 25. Kh1 Rc7 26. Nb4 Qf7 27. Rxc7 Qxc7
28. Nxd5 Nxd5 29. Rc1 Qd8 30. Rc6 Ne7 31. Rc2 Rc8 32. Rxc8 Qxc8 33. Qc3 Kf7 34.
Qxc8 Nxc8 35. e4 Nb6 36. b3 Nd7 37. exf5 exf5 38. Nc6 Ke6 39. Nb4 Nb8 40. d5+
Kd7 41. Kg2 g6 42. Kf2 a5 43. Nc2 Na6 44. b4 axb4 45. axb4 Nc7 46. Ne3 Ke7 47.
Ke2 Kf6 48. f4 g5 49. Kf3 h6 50. Kf2 Kg6 51. Kf3 Na6 52. Nc2 Nc7 53. Ne3 Ne8 54.
Nc2 Nf6 55. Nd4 Nxd5 56. Nxb5 Nxb4 57. Nxd6 Nd5 58. fxg5 hxg5 59. Nc4 Kh5 60.
Nd6 Kg6 61. Nc4 Kh5 62. Nd6 Kg6 1/2-1/2

[Event "TCh-CHN Division A 2014"]
[Site "Jinan CHN"]
[Date "2014.06.04"]
[Round "6.3"]
[White "Lin, Chen"]
[Black "Fang, Yuxiang"]
[Result "1-0"]
[WhiteTitle "IM"]
[WhiteElo "2463"]
[BlackElo "2324"]
[WhiteTeam "Jiangsu"]
[BlackTeam "Qingdao Qingwei"]
[WhiteFideId "8602298"]
[BlackFideId "8605840"]
[EventDate "2014.04.12"]

1. e4 e6 2. Qe2 c5 3. Nf3 Nc6 4. g3 Nf6 5. Bg2 d5 6. exd5 Nxd5 7. O-O Be7 8. Rd1
Nf6 9. c3 O-O 10. d4 cxd4 11. Nxd4 Nxd4 12. Rxd4 Qb6 13. a4 a5 14. Nd2 Bd7 15.
Nc4 Qa6 16. Bg5 Rfd8 17. Bxf6 Bxf6 18. Rd6 Bc6 19. Bxc6 bxc6 20. Rad1 Rxd6 21.
Rxd6 Rd8 22. Rxd8+ Bxd8 23. Qd3 Qc8 24. Qd6 c5 25. Ne5 Qc7 26. Qd7 g6 27. Qe8+
Kg7 28. Nd7 Qd6 29. Qxd8 Qd1+ 30. Kg2 Qd5+ 31. f3 Qd2+ 32. Kh3 Qh6+ 33. Qh4 1-0

[Event "TCh-CHN Division A 2014"]
[Site "Jinan CHN"]
[Date "2014.06.04"]
[Round "6.3"]
[White "Wang, Li"]
[Black "Li, Wenxiang"]
[Result "1-0"]
[WhiteTitle "IM"]
[WhiteElo "2401"]
[BlackElo "1846"]
[WhiteTeam "Jiangsu"]
[BlackTeam "Qingdao Qingwei"]
[WhiteFideId "8604460"]
[BlackFideId "8609748"]
[EventDate "2014.04.12"]

1. d4 Nf6 2. c4 g6 3. Nc3 d5 4. e3 Bg7 5. Nf3 O-O 6. Qb3 dxc4 7. Bxc4 Nc6 8. Be2
b6 9. O-O Bb7 10. Rd1 e6 11. e4 h6 12. h3 Qe7 13. Be3 Rfd8 14. Rac1 Nb8 15. Qc2
Nbd7 16. a3 a5 17. Bc4 Kh7 18. Bf4 Rac8 19. Re1 Ne8 20. Qe2 Nd6 21. Ba6 Bxa6 22.
Qxa6 Nb8 23. Qe2 c5 24. dxc5 Rxc5 25. e5 Nf5 26. Ne4 Rxc1 27. Rxc1 Nd4 28. Nxd4
Rxd4 29. Nf6+ Bxf6 30. exf6 Qd8 31. Bc7 Qc8 32. Qe3 Rd5 33. Bxb6 Qa6 34. Bd4 Nd7
35. f4 Qd6 36. Rc4 Rf5 37. Bc3 Qd1+ 38. Kh2 Nxf6 39. Rc8 Qd7 40. Ra8 a4 41. g4
Qd5 42. gxf5 Qxa8 43. Bxf6 exf5 44. Bc3 1-0

[Event "TCh-CHN Division A 2014"]
[Site "Jinan CHN"]
[Date "2014.06.04"]
[Round "6.3"]
[White "Gao, Hanxue"]
[Black "Guo, Qi"]
[Result "0-1"]
[BlackTitle "WGM"]
[WhiteElo "1766"]
[BlackElo "2458"]
[WhiteTeam "Qingdao Qingwei"]
[BlackTeam "Jiangsu"]
[WhiteFideId "8608873"]
[BlackFideId "8604002"]
[EventDate "2014.04.12"]

1. d4 Nf6 2. Bf4 e6 3. Nf3 c5 4. c3 b6 5. e3 Bb7 6. h3 Be7 7. Bd3 O-O 8. O-O Nc6
9. Nbd2 a6 10. a4 d6 11. Bh2 Re8 12. Qc2 h6 13. Rad1 cxd4 14. Nxd4 Ne5 15. Be4
Nxe4 16. Nxe4 Qc7 17. Nd2 Rac8 18. f4 Nc4 19. Nxc4 Qxc4 20. Qb3 Qxb3 21. Nxb3 f5
22. g4 g6 23. Bg3 Kf7 24. a5 Bd5 25. Nd4 Be4 26. axb6 Rb8 27. Rd2 Rxb6 28. b4
Rc8 29. Ne2 Bf6 30. Rc1 Bf3 31. gxf5 gxf5 32. Nd4 Be4 33. Ne2 Rbc6 34. Ra2 Bd3
35. Kf2 h5 36. h4 Rg8 37. Nd4 Rb6 38. Nf3 Rc8 39. Rd2 Bb5 40. Nd4 Bc4 41. Rcc2
Kg6 42. Ke1 Bd5 43. Kf2 Be4 44. Rc1 Kf7 45. Ra2 Ke7 46. b5 axb5 47. Ra7+ Bb7 48.
Rb1 Bxd4 49. cxd4 Rc2+ 50. Kf1 b4 51. Rb3 Rc3 52. Rxc3 bxc3 53. Be1 c2 54. Bd2
Rb1+ 55. Ke2 Kf6 56. Kf2 Rd1 57. Ke2 Bc6 0-1

[Event "TCh-CHN Division A 2014"]
[Site "Jinan CHN"]
[Date "2014.06.04"]
[Round "6.3"]
[White "Lv, Jingen"]
[Black "Shen, Yang"]
[Result "0-1"]
[BlackTitle "IM"]
[WhiteElo "1823"]
[BlackElo "2475"]
[WhiteTeam "Qingdao Qingwei"]
[BlackTeam "Jiangsu"]
[WhiteFideId "8610509"]
[BlackFideId "8603162"]
[EventDate "2014.04.12"]

1. e4 e5 2. Nf3 Nc6 3. Bb5 Nge7 4. O-O a6 5. Ba4 g6 6. c3 Bg7 7. Re1 O-O 8. h3
b5 9. Bc2 d5 10. d3 Bb7 11. Nbd2 f5 12. exf5 Nxf5 13. Nf1 Qd6 14. Ne3 Kh8 15.
Kh1 Nce7 16. Ng4 Nc6 17. Ne3 d4 18. Nf1 dxc3 19. bxc3 b4 20. Bb2 bxc3 21. Bxc3
Ncd4 22. N1h2 Qc6 23. Bxd4 Nxd4 24. Ba4 Qd5 25. Rb1 Rad8 26. Re3 Ba8 27. Bb3 Qc6
28. Rc1 Qb7 29. Rb1 Qc6 30. Rc1 Qd6 31. Bc4 Bh6 0-1

[Event "TCh-CHN Division A 2014"]
[Site "Jinan CHN"]
[Date "2014.06.04"]
[Round "6.4"]
[White "Lu, Shanglei"]
[Black "Wan, Yunguo"]
[Result "1/2-1/2"]
[WhiteTitle "GM"]
[BlackTitle "IM"]
[WhiteElo "2566"]
[BlackElo "2493"]
[WhiteTeam "Zhejiang"]
[BlackTeam "Hebei"]
[WhiteFideId "8603332"]
[BlackFideId "8603189"]
[EventDate "2014.04.12"]

1. e4 c5 2. Nf3 Nc6 3. Nc3 Nf6 4. e5 Ng4 5. Qe2 d6 6. exd6 e6 7. Qc4 Nf6 8. d4
cxd4 9. Nb5 Bxd6 10. Nfxd4 Ne5 11. Nxd6+ Qxd6 12. Qa4+ Bd7 13. Nb5 O-O 14. Nxd6
Bxa4 15. b3 Bc6 16. Bb2 Ng6 17. f3 Rfd8 18. O-O-O Nd5 19. Nc4 Rac8 20. a4 f6 21.
g3 Nb6 22. Bh3 Nf8 23. Nxb6 axb6 24. Rxd8 Rxd8 25. Rf1 b5 26. axb5 Bxb5 27. Re1
e5 28. f4 exf4 29. gxf4 Re8 30. Rxe8 Bxe8 31. Kd2 Kf7 32. Ke3 Bc6 33. c4 g6 34.
b4 Ne6 35. Bf1 f5 36. Be5 Ke7 37. c5 Kd7 38. Bd3 Bd5 39. Bb5+ Bc6 40. Bc4 Be4
41. h4 Ke7 42. Bd3 Bd5 43. h5 Kd7 44. Bb5+ Bc6 45. Bc4 Ke7 46. Bd3 Kd7 47. h6
Nd8 48. Kd4 Ne6+ 49. Kc3 Bd5 50. Bb5+ Bc6 51. Bc4 Ke7 52. b5 Be4 53. Kb4 g5 54.
fxg5 Nxg5 55. c6 bxc6 56. b6 Ne6 57. Bd3 c5+ 58. Kc4 Bxd3+ 59. Kxd3 Nd8 60. Kc4
Ke6 61. Bh2 Nb7 62. Bc7 Kd7 63. Kd5 c4 64. Kxc4 Kc6 65. Kd4 Nd6 66. Bxd6 Kxd6
67. Ke3 Kc6 68. Kf4 Kxb6 69. Kxf5 Kc6 70. Ke6 Kc7 71. Ke7 Kc6 72. Kf8 Kd7 73.
Kg8 Ke7 74. Kg7 Ke6 75. Kxh7 Kf7 76. Kh8 Kf8 77. h7 Kf7 1/2-1/2

[Event "TCh-CHN Division A 2014"]
[Site "Jinan CHN"]
[Date "2014.06.04"]
[Round "6.4"]
[White "Ding, Liren"]
[Black "Yang, Kaiqi"]
[Result "1-0"]
[WhiteTitle "GM"]
[BlackTitle "IM"]
[WhiteElo "2730"]
[BlackElo "2351"]
[WhiteTeam "Zhejiang"]
[BlackTeam "Hebei"]
[WhiteFideId "8603677"]
[BlackFideId "8604398"]
[EventDate "2014.04.12"]

1. d4 d5 2. c4 c6 3. Nf3 Nf6 4. e3 e6 5. b3 Nbd7 6. Bd3 Bd6 7. Bb2 O-O 8. O-O b6
9. Nbd2 Bb7 10. Ne5 c5 11. cxd5 cxd4 12. Nxd7 Nxd7 13. dxe6 fxe6 14. Qg4 Rf6 15.
exd4 Bd5 16. f4 Qe7 17. Nc4 Raf8 18. g3 b5 19. Ne3 Ba8 20. Rae1 Nb6 21. Qh4 h6
22. Ng4 R6f7 23. Qh5 Qb7 24. d5 Bc5+ 1-0

[Event "TCh-CHN Division A 2014"]
[Site "Jinan CHN"]
[Date "2014.06.04"]
[Round "6.4"]
[White "Yu, Lie"]
[Black "Wang, Rui"]
[Result "0-1"]
[WhiteTitle "IM"]
[BlackTitle "GM"]
[WhiteElo "2327"]
[BlackElo "2394"]
[WhiteTeam "Zhejiang"]
[BlackTeam "Hebei"]
[WhiteFideId "8603715"]
[BlackFideId "8601003"]
[EventDate "2014.04.12"]

1. d4 Nf6 2. Nf3 e6 3. e3 c5 4. Bd3 d5 5. c3 Nbd7 6. Nbd2 Qc7 7. O-O b6 8. e4
dxe4 9. Nxe4 Bb7 10. Re1 Be7 11. Bg5 Nxe4 12. Bxe4 Bxe4 13. Rxe4 Bxg5 14. Nxg5
O-O 15. Rh4 h6 16. Nf3 Rad8 17. Qd2 Nf6 18. Re1 cxd4 19. Rxd4 Rxd4 20. Qxd4 Rd8
21. Qe5 Qxe5 22. Rxe5 Rd1+ 23. Re1 Rxe1+ 24. Nxe1 Kf8 25. Kf1 Ke7 26. Ke2 e5 27.
f3 Kd6 28. Kd3 Nd5 29. g3 f5 30. Nc2 h5 31. c4 Nf6 32. Ne3 Ke6 33. f4 Ng4 34.
Nxg4 hxg4 35. b4 Kf6 36. a4 e4+ 37. Kd4 Ke6 38. b5 Kd6 39. c5+ bxc5+ 40. Kc3 a6
41. bxa6 Kc7 42. a5 Kb8 0-1

[Event "TCh-CHN Division A 2014"]
[Site "Jinan CHN"]
[Date "2014.06.04"]
[Round "6.4"]
[White "Zhai, Mo"]
[Black "Qiu, Mengjie"]
[Result "1-0"]
[WhiteTitle "WIM"]
[BlackTitle "WFM"]
[WhiteElo "2325"]
[BlackElo "2126"]
[WhiteTeam "Hebei"]
[BlackTeam "Zhejiang"]
[WhiteFideId "8600201"]
[BlackFideId "8606137"]
[EventDate "2014.04.12"]

1. e4 e5 2. Nf3 Nc6 3. Bb5 Nf6 4. O-O Nxe4 5. d4 Be7 6. d5 Nd6 7. Be2 e4 8. dxc6
exf3 9. cxd7+ Bxd7 10. Bxf3 O-O 11. Nc3 c6 12. Bf4 Be6 13. Re1 Nc4 14. Qe2 Nxb2
15. Rab1 Ba3 16. Ne4 Re8 17. Qe3 Qa5 18. Bc7 Qxc7 19. Qxa3 Nc4 20. Qb4 Bd5 21.
Nc3 Nd2 22. Nxd5 Nxf3+ 23. gxf3 cxd5 24. Rxe8+ Rxe8 25. Qb5 Rd8 26. Rd1 h6 27.
Rxd5 Rxd5 28. Qe8+ Kh7 29. Qe4+ f5 30. Qxd5 Qxc2 31. Kg2 b6 32. h4 Kg6 33. Qe6+
Kh5 34. Kh3 g6 35. Qe3 Qc4 36. Kg2 Qxh4 37. Qa3 a5 38. Qd6 Qb4 39. Qf6 Qb1 40.
Qe6 Qb2 41. Kg3 Qb1 42. Kg2 b5 43. Qe2 f4 44. Qd2 b4 45. Qxf4 Qf5 46. Qh2+ Kg5
47. Qg3+ Kf6 48. Qd6+ Kf7 49. Qc7+ Ke6 50. Qb6+ Kd7 51. Qb7+ Kd8 52. Qb8+ Ke7
53. Qc7+ Ke8 54. Qb8+ Kf7 55. Qc7+ Kf6 56. Qd6+ Kg7 57. Qc7+ Qf7 58. Qxa5 Qb7
59. Qe5+ Kg8 60. Qd6 Kh7 61. Kg3 h5 62. Qe6 Qc7+ 63. f4 Kh6 64. Qg8 Qc3+ 65. Kg2
Qc6+ 66. Kg3 Qc3+ 67. Kg2 Qf6 68. Qb8 Qc6+ 69. Kh2 Qc3 70. Qf8+ Kh7 71. Qe7+ Kg8
72. Qe8+ Kh7 73. f5 Qf6 74. fxg6+ Kh6 75. Qe3+ Kxg6 76. Qg3+ Qg5 77. Qd6+ Qf6
78. Qg3+ Kh6 79. Qe3+ Kg7 80. Qg3+ Kh7 81. Qd3+ Kh8 82. Kg2 Qh4 83. Qg6 Qc4 84.
Qxh5+ Kg7 85. Qg5+ Kf7 86. Qf5+ Ke7 87. Qb1 Qg4+ 88. Kf1 Qc4+ 89. Ke1 Qc3+ 90.
Ke2 Qc4+ 91. Kf3 Kf6 92. Qb3 Qd4 93. Qg8 Qd3+ 94. Kg2 Qe4+ 95. Kg3 Qd3+ 96. f3
Qd6+ 97. Kh3 Qd7+ 98. Qg4 Qd5 99. Qf4+ Ke6 100. Qe3+ Kf5 101. Qb3 Qb7 102. Kg3
Qc7+ 103. Kf2 Qh2+ 104. Ke3 Qg1+ 105. Kd3 Qf1+ 106. Kd4 Kf4 107. Qe3+ Kg3 108.
Kc5 Qb1 109. Qb3 Qe1 110. Kb5 Qd2 111. Kc4 Kf4 112. Kb5 Kg3 113. Qf7 Qc3 114. f4
Kg4 115. f5 Kf4 116. f6 Kf5 117. Qe7 Qxf6 118. Qxb4 Qe5+ 119. Qc5 Qxc5+ 120.
Kxc5 Ke6 121. Kc6 Ke7 122. Kc7 1-0

[Event "TCh-CHN Division A 2014"]
[Site "Jinan CHN"]
[Date "2014.06.04"]
[Round "6.4"]
[White "Wang, Doudou"]
[Black "Ding, Yixin"]
[Result "0-1"]
[WhiteTitle "WIM"]
[BlackTitle "WGM"]
[WhiteElo "2215"]
[BlackElo "2440"]
[WhiteTeam "Hebei"]
[BlackTeam "Zhejiang"]
[WhiteFideId "8603197"]
[BlackFideId "8602972"]
[EventDate "2014.04.12"]

1. d4 Nf6 2. c4 e6 3. Nc3 d5 4. Nf3 Be7 5. e3 O-O 6. Qc2 c5 7. dxc5 Bxc5 8. a3
Nc6 9. b4 Bd6 10. Bb2 a5 11. b5 Ne5 12. Nxe5 Bxe5 13. c5 Qe7 14. Na4 Bxb2 15.
Qxb2 e5 16. Be2 Bf5 17. O-O Ne4 18. Rac1 Rac8 19. c6 bxc6 20. Rxc6 Rcd8 21. f3
Nd6 22. Nc5 Qg5 23. Qxe5 Rfe8 24. Qd4 Qxe3+ 25. Qxe3 Rxe3 26. Kf2 Rxa3 27. Rd1
Ra2 28. Rxd5 Re8 29. Rcxd6 Rexe2+ 30. Kg3 g5 31. Rd8+ Kg7 0-1

[Event "TCh-CHN Division A 2014"]
[Site "Jinan CHN"]
[Date "2014.06.04"]
[Round "6.5"]
[White "Bu, Xiangzhi"]
[Black "Zhou, Weiqi"]
[Result "1/2-1/2"]
[WhiteTitle "GM"]
[BlackTitle "GM"]
[WhiteElo "2707"]
[BlackElo "2614"]
[WhiteTeam "Shandong"]
[BlackTeam "Chongqing"]
[WhiteFideId "8601445"]
[BlackFideId "8601674"]
[EventDate "2014.04.12"]

1. Nf3 Nf6 2. c4 e6 3. Nc3 Bb4 4. Qc2 O-O 5. a3 Bxc3 6. Qxc3 b6 7. e3 Bb7 8. Be2
d6 9. O-O Nbd7 10. b4 a5 11. Bb2 Qe7 12. d3 Rfc8 13. Nd2 c5 14. b5 e5 15. Rae1
Re8 16. e4 Nf8 17. f4 exf4 18. Rxf4 Ne6 19. Rxf6 Qxf6 20. Qxf6 gxf6 21. Rf1 Nf8
22. Rxf6 Re6 23. Rf2 Bc8 24. Nf1 Re8 25. Ng3 Be6 26. Nh5 Nd7 27. Rf3 Ne5 28.
Nf6+ Kf8 29. Bxe5 dxe5 30. Nxe8 Rxe8 31. Kf2 Kg7 32. Rg3+ Kf6 33. Bg4 Bxg4 34.
Rxg4 Rd8 35. Rg3 h6 36. Ke2 Rh8 37. Kf3 h5 38. a4 Rd8 39. Ke2 h4 40. Rg4 Rh8 41.
h3 Ke6 42. Rg5 Kf6 43. Rg4 Ke6 44. Kf2 Kf6 45. g3 hxg3+ 46. Rxg3 Ke6 47. Kg2 Kf6
48. Rg4 Rd8 49. Rg3 Rh8 50. Rf3+ Ke6 51. Kg3 Rg8+ 52. Kh2 Rh8 53. Kg3 Rg8+ 54.
Kf2 Rh8 1/2-1/2

[Event "TCh-CHN Division A 2014"]
[Site "Jinan CHN"]
[Date "2014.06.04"]
[Round "6.5"]
[White "Wen, Yang"]
[Black "Wang, Chen"]
[Result "1-0"]
[WhiteTitle "GM"]
[BlackTitle "IM"]
[WhiteElo "2586"]
[BlackElo "2508"]
[WhiteTeam "Shandong"]
[BlackTeam "Chongqing"]
[WhiteFideId "8602956"]
[BlackFideId "8601020"]
[EventDate "2014.04.12"]

1. d4 d5 2. c4 e6 3. Nf3 Nf6 4. g3 g6 5. Bg2 Bg7 6. O-O O-O 7. Nc3 c6 8. Qb3
Nbd7 9. Bf4 b6 10. Rac1 Qe7 11. Rfe1 Bb7 12. c5 Rfc8 13. e4 Qd8 14. exd5 Nxd5
15. Bg5 Qc7 16. Ne4 bxc5 17. dxc5 a5 18. Qc2 Ba6 19. Qd2 Rcb8 20. b3 a4 21. Bh6
axb3 22. Bxg7 Kxg7 23. axb3 e5 24. Nd6 f6 25. Nd4 exd4 26. Bxd5 Ne5 27. Be4 Rxb3
28. Qxd4 Qa5 29. f4 Rd3 30. Qb2 Rd2 31. Qb3 Ng4 32. Bf3 Nh6 33. Re7+ Kh8 34.
Nf7+ 1-0

[Event "TCh-CHN Division A 2014"]
[Site "Jinan CHN"]
[Date "2014.06.04"]
[Round "6.5"]
[White "Tan, Zhongyi"]
[Black "Xiao, Yiyi"]
[Result "0-1"]
[WhiteTitle "WGM"]
[BlackTitle "WFM"]
[WhiteElo "2465"]
[BlackElo "2248"]
[WhiteTeam "Chongqing"]
[BlackTeam "Shandong"]
[WhiteFideId "8603642"]
[BlackFideId "8606161"]
[EventDate "2014.04.12"]

1. d4 Nf6 2. c4 e6 3. Nc3 Bb4 4. f3 d5 5. a3 Bxc3+ 6. bxc3 O-O 7. cxd5 exd5 8.
e3 Bf5 9. Ne2 Nbd7 10. Ng3 Bg6 11. Bd3 c5 12. O-O Re8 13. Rb1 Qc7 14. Rb2 Rad8
15. Re2 Nb6 16. Bxg6 hxg6 17. e4 dxe4 18. fxe4 cxd4 19. cxd4 Qc4 20. e5 Ng4 21.
Bb2 Na4 22. Ba1 Nc3 23. Bxc3 Qxc3 24. Re4 f5 25. exf6 Rxe4 26. Nxe4 Qe3+ 27. Nf2
Nxf2 28. f7+ Kf8 29. Qc2 Ne4+ 30. Kh1 Qxd4 31. Qe2 Qd3 32. Qe1 Qxf1+ 33. Qxf1
Rd1 0-1

[Event "TCh-CHN Division A 2014"]
[Site "Jinan CHN"]
[Date "2014.06.04"]
[Round "6.5"]
[White "Huang, Qian"]
[Black "Xu, Huahua"]
[Result "1-0"]
[WhiteTitle "WGM"]
[BlackTitle "WIM"]
[WhiteElo "2464"]
[BlackElo "2106"]
[WhiteTeam "Chongqing"]
[BlackTeam "Shandong"]
[WhiteFideId "8602689"]
[BlackFideId "8604096"]
[EventDate "2014.04.12"]

1. Nf3 Nf6 2. g3 d5 3. Bg2 c6 4. O-O g6 5. d3 Bg7 6. Nbd2 O-O 7. e4 dxe4 8. dxe4
Bg4 9. h3 Bxf3 10. Qxf3 Nbd7 11. Qe2 Nc5 12. Nc4 Nfd7 13. Rd1 b5 14. Nd2 Qc7 15.
Nb3 a5 16. Bf4 Be5 17. Bxe5 Qxe5 18. Nd4 Qc7 19. e5 Nxe5 20. Re1 Ncd7 21. f4 Qb6
22. Qf2 Nc4 23. Nxc6 Kg7 24. Rxe7 Qxf2+ 25. Kxf2 Nc5 26. b3 Na3 27. Rd1 Ra6 28.
c3 a4 29. b4 Ne6 30. Rdd7 Kg8 31. Bd5 Rxc6 32. Bxc6 Rc8 33. Bd5 1-0

[Event "TCh-CHN Division A 2014"]
[Site "Jinan CHN"]
[Date "2014.06.04"]
[Round "6.6"]
[White "Xu, Zhihang"]
[Black "Lou, Yiping"]
[Result "1/2-1/2"]
[BlackTitle "IM"]
[WhiteElo "2119"]
[BlackElo "2461"]
[WhiteTeam "Qingdao Experimental School"]
[BlackTeam "Shanghai"]
[WhiteFideId "8611572"]
[BlackFideId "8603928"]
[EventDate "2014.04.12"]

1. Nf3 Nf6 2. c4 e6 3. Nc3 Bb4 4. Qc2 c5 5. g3 O-O 6. Bg2 d5 7. cxd5 exd5 8. O-O
Nc6 9. d3 b6 10. Bg5 Bxc3 11. Qxc3 d4 12. Qd2 Bb7 13. Ne5 Nxe5 14. Bxb7 Rb8 15.
Bg2 h6 16. Bf4 Re8 17. b4 Nd5 18. bxc5 bxc5 19. Bxd5 Qxd5 20. Rac1 Rb6 21. Bxe5
Rxe5 22. Rc2 Rf6 23. Rfc1 Qe6 24. Qe1 Qe7 25. Rb2 Rfe6 26. Rcc2 c4 27. Qb4 c3
28. Qxe7 Rxe7 29. Rb8+ Re8 30. Rxe8+ Rxe8 31. e3 f5 32. exd4 Rc8 33. Kf1 Kf7 34.
d5 Ke7 35. Ke2 Kd6 36. d4 Kxd5 37. Kd3 Rc4 38. Rxc3 Rxd4+ 39. Ke3 Ra4 40. a3 g5
41. Kf3 h5 42. Rb3 a6 43. Kg2 Kc4 44. Rf3 Ra5 45. h4 g4 46. Rf4+ Kb3 47. a4 Rd5
48. Kh2 a5 49. Kg2 Kc3 50. Kh2 Kd3 51. Kg2 Re5 52. Kh2 Kd2 53. Kg2 Kc3 1/2-1/2

[Event "TCh-CHN Division A 2014"]
[Site "Jinan CHN"]
[Date "2014.06.04"]
[Round "6.6"]
[White "Mu, Ke"]
[Black "Ni, Hua"]
[Result "0-1"]
[BlackTitle "GM"]
[WhiteElo "2413"]
[BlackElo "2677"]
[WhiteTeam "Qingdao Experimental School"]
[BlackTeam "Shanghai"]
[WhiteFideId "8602778"]
[BlackFideId "8601160"]
[EventDate "2014.04.12"]

1. d4 Nf6 2. c4 e6 3. Nc3 Bb4 4. e3 O-O 5. Ne2 d5 6. a3 Be7 7. cxd5 exd5 8. Nf4
c6 9. Bd3 Na6 10. b4 Nc7 11. Bd2 Ne6 12. Nxe6 Bxe6 13. O-O Bd6 14. f4 a5 15. b5
Qe7 16. bxc6 bxc6 17. Bc1 Rfe8 18. h3 Bc8 19. Ra2 Ba6 20. Bxa6 Rxa6 21. Qd3 Rb6
22. Na4 Rb5 23. Rc2 Qb7 24. Qc3 Rc8 25. Nc5 Bxc5 26. dxc5 Ne4 27. Qd4 f6 28. Bd2
Rb8 29. Rfc1 Qa7 30. Be1 Rb3 31. a4 Qa6 32. Rd1 Rb1 33. g4 R8b3 34. Kg2 h6 35.
g5 hxg5 36. fxg5 Nxg5 37. Qg4 Rxd1 38. Qxd1 Rxe3 39. h4 Ne6 40. Bg3 Qb7 41. Qd2
Qb3 42. Bd6 d4 43. Rb2 Qd5+ 44. Kh2 Qe4 45. Bg3 d3 0-1

[Event "TCh-CHN Division A 2014"]
[Site "Jinan CHN"]
[Date "2014.06.04"]
[Round "6.6"]
[White "Ma, Zhonghan"]
[Black "Zhou, Jianchao"]
[Result "1-0"]
[BlackTitle "GM"]
[WhiteElo "2471"]
[BlackElo "2590"]
[WhiteTeam "Qingdao Experimental School"]
[BlackTeam "Shanghai"]
[WhiteFideId "8607206"]
[BlackFideId "8603537"]
[EventDate "2014.04.12"]

1. d4 Nf6 2. c4 g6 3. Nf3 Bg7 4. Nc3 d5 5. cxd5 Nxd5 6. g3 Nb6 7. Bg2 Nc6 8. e3
O-O 9. O-O Re8 10. b3 e5 11. Nxe5 Nxe5 12. dxe5 Qxd1 13. Rxd1 Bxe5 14. Bb2 a5
15. Rd2 a4 16. Nxa4 Nxa4 17. Bxe5 Rxe5 18. bxa4 Rea5 19. Rb1 c6 20. Rd8+ Kg7 21.
Rb4 Rc5 22. h4 Rc1+ 23. Kh2 Rc2 24. Rf4 Rxa2 25. Bh3 f5 26. g4 b5 27. gxf5 R2xa4
28. f6+ Kf7 29. Bxc8 Rxf4 30. exf4 Ra3 31. Rd6 Rf3 32. Be6+ Kxf6 33. Bg4+ Ke7
34. Re6+ Kf7 35. Bxf3 Kxe6 36. Bxc6 b4 37. Ba4 Kf5 38. Kg3 1-0

[Event "TCh-CHN Division A 2014"]
[Site "Jinan CHN"]
[Date "2014.06.04"]
[Round "6.6"]
[White "Zhang, Xiaowen"]
[Black "Gong, Qianyun"]
[Result "1-0"]
[WhiteTitle "WGM"]
[BlackTitle "WIM"]
[WhiteElo "2355"]
[BlackElo "2349"]
[WhiteTeam "Shanghai"]
[BlackTeam "Qingdao Experimental School"]
[WhiteFideId "8603219"]
[BlackFideId "8602425"]
[EventDate "2014.04.12"]

1. e4 e6 2. d4 d5 3. Nd2 Nc6 4. Ngf3 Nf6 5. e5 Nd7 6. Be2 f6 7. exf6 Qxf6 8. Nf1
Bd6 9. Ne3 O-O 10. O-O Qg6 11. Bd3 Qh5 12. h3 Nf6 13. Re1 Bd7 14. c3 Rae8 15.
Nf1 Kh8 16. b4 Qf7 17. b5 Na5 18. a4 Nh5 19. Ra2 g6 20. Bh6 Ng7 21. N1h2 Rg8 22.
Ng4 Nf5 23. Bg5 Ref8 24. Bf6+ Ng7 25. Ng5 Qe8 26. Nxh7 1-0